| 000 | 00341nam a2200121Ia 4500 | ||
|---|---|---|---|
| 008 | 230303s9999 xx 000 0 und d | ||
| 041 | _aeng | ||
| 082 | _a621.382 STA | ||
| 100 | _aStanley (William.D) & Jeffords (John.M) | ||
| 245 | _aElectronic Communications principles and systems | ||
| 260 |
_aAustralia _bCenage Learning |
||
| 365 | _cRS | ||
| 999 |
_c182700 _d182700 |
||